Countries that have had the most coups - Statistics

General Stats
  • This quiz has been taken 104 times
  • The average score is 16 of 30
Answer Stats
Successful coups Failed coups Answer % Correct
6 5 Argentina
76%
12 3 Brazil
76%
6 0 Iraq
68%
7 0 Peru
68%
6 2 Nigeria
67%
6 2 Sudan
67%
6 0 Honduras
65%
8 2 Afghanistan
62%
14 0 Bolivia
62%
5 0 El Salvador
61%
9 0 Syria
59%
11 9 Thailand
59%
5 0 Ecuador
58%
5 1 Ethiopia
58%
16 1 Haiti
57%
19 0 Paraguay
57%
5 0 Uganda
54%
5 0 Central African Republic
52%
7 3 Burkina Faso
46%
5 1 Ghana
42%
5 5 Philippines
42%
5 1 Burundi
38%
5 0 Sierra Leone
38%
6 0 South Korea
38%
5 3 Bangladesh
35%
5 1 Benin
35%
9 12 Greece
35%
6 0 Mauritania
34%
5 0 Romania
28%
5 1 Comoros
11%
No matching quizzes found
Score Distribution
Percent of People with Each Score
Percentile by Number Answered
Your Score History
You have not taken this quiz